000 00577 a2200229 4500
005 20240327121232.0
008 240304b |||||||| |||| 00| 0 eng d
020 _a9789355737717
_cRs. 799.00
040 _aMAIN
082 _a620.105
_bG959S(2)
100 _aGupta, J K
245 _aStrength of materials: Mechanics of solids
250 _a2nd
260 _bCengage
_aDelhi
_c2024
300 _axiv, 734
500 _aFor the students of B.E/B.Tech
650 _aEngineering
650 _aMechanics
650 _aMaterials
700 _aGupta, S K
942 _cBK
999 _c312652
_d312652